[Event "2. AUT Bundesliga 2020-21"]
[Site "Graz"]
[Date "2021.03.13"]
[Round "2.2"]
[White "Eder, Matthias"]
[Black "Dietmayer-Kraeutler, Marco"]
[Result "1/2-1/2"]
[WhiteElo "2170"]
[BlackElo "2284"]
[Annotator "ChessBase"]
[PlyCount "65"]
[EventDate "2021.01.17"]
[EventType "team-tourn"]
[EventCountry "AUT"]
[SourceTitle "playchess.com"]
[Source "ChessBase"]
[SourceQuality "1"]
[TimeControl "40/5400+30:1800+30"]

1. d4 {[%emt 0:01:21]} d5 {[%emt 0:00:01]} 2. c4 {[%emt 0:00:30]} e6 {[%emt 0:00:05]} 3. Nc3 {[%emt 0:00:18]} Nf6 {[%emt 0:00:05]} 4. cxd5 {[%emt 0:00:08]} exd5 {[%emt 0:00:05]} 5. Bg5 {[%emt 0:00:05]} Nbd7 {[%emt 0:00:06]} 6. e3 {[%emt 0:00:07]} Be7 {[%emt 0:00:33]} 7. Bd3 {[%emt 0:00:23]} Nf8 {[%emt 0:00:50]} 8. Nge2 {[%emt 0:02:53]} Ne6 {[%emt 0:00:18]} 9. Bh4 {[%emt 0:03:26]} c6 {[%emt 0:02:40]} 10. Qc2 {[%emt 0:02:29]} g6 {[%emt 0:00:22]} 11. O-O {[%emt 0:03:50]} Ng7 {[%emt 0:04:48]} 12. b4 {[%emt 0:09:40]} a6 {[%emt 0:01:11]} 13. Bxf6 {[%emt 0:04:19]} Bxf6 {[%emt 0:00:07]} 14. a4 {[%emt 0:00:06]} O-O {[%emt 0:05:29]} 15. b5 {[%emt 0:00:40]} a5 {[%emt 0:07:56]} 16. bxc6 {[%emt 0:06:28]} bxc6 {[%emt 0:00:59]} 17. Rab1 {[%emt 0:08:30]} Ne6 {[%emt 0:05:59]} 18. Rfd1 {[%emt 0:12:24]} Bd7 {[%emt 0:06:44]} 19. e4 {[%emt 0:17:17]} Nxd4 {[%emt 0:06:20]} 20. Nxd4 {[%emt 0:00:07]} Bxd4 {[%emt 0:00:07]} 21. exd5 {[%emt 0:00:30]} cxd5 {[%emt 0:22:52]} 22. Nxd5 {[%emt 0:00:07]} Bg7 {[%emt 0:15:25]} 23. Nb6 {[%emt 0:09:55]} Ra7 {[%emt 0:02:59]} 24. Nxd7 {[%emt 0:02:24]} Rxd7 {[%emt 0:00:16]} 25. Bb5 {[%emt 0:02:18]} Rxd1+ {[%emt 0:01:01]} 26. Rxd1 {[%emt 0:00:04]} Qc8 {[%emt 0:00:15]} 27. Qd2 {[%emt 0:02:42]} Qc3 {[%emt 0:00:43]} 28. Qxc3 {[%emt 0:00:29]} Bxc3 {[%emt 0:00:02]} 29. Rd7 {[%emt 0:00:37]} Rc8 {[%emt 0:00:13]} 30. g3 {[%emt 0:00:55]} Bb4 {[%emt 0:00:16]} 31. Bd3 Re8 32. Be4 Re7 33. Bd3 1/2-1/2

[Event "2. AUT Bundesliga 2020-21"]
[Site "Graz"]
[Date "2021.03.13"]
[Round "2.3"]
[White "Ragger, Anna-Christina"]
[Black "Kristoferitsch, Daniel"]
[Result "0-1"]
[WhiteElo "2198"]
[BlackElo "2166"]
[Annotator "NA"]
[PlyCount "121"]
[EventDate "2021.01.17"]
[EventType "team-tourn"]
[EventCountry "AUT"]
[SourceTitle "playchess.com"]
[Source "ChessBase"]
[SourceQuality "1"]
[TimeControl "40/5400+30:1800+30"]

1. e4 {[%emt 0:00:00]} e6 {[%emt 0:00:00]} 2. d4 {[%emt 0:00:00]} d5 {[%emt 0:00:00]} 3. Nd2 {[%emt 0:00:00]} c5 {[%emt 0:00:00]} 4. exd5 {[%emt 0:00:00]} Qxd5 {[%emt 0:00:00]} 5. Ngf3 {[%emt 0:00:00]} cxd4 {[%emt 0:00:10]} 6. Bc4 {[%emt 0:00:00]} Qd8 {[%emt 0:00:09]} 7. O-O {[%emt 0:00:20]} Nc6 {[%emt 0:00:14]} 8. Nb3 {[%emt 0:00:08]} a6 {[%emt 0:00:06]} 9. Nbxd4 {[%emt 0:00:08]} Nxd4 {[%emt 0:00:07]} 10. Nxd4 {[%emt 0:00:05]} Bd6 {[%emt 0:00:08]} 11. Bb3 {[%emt 0:00:42]} Ne7 {[%emt 0:01:07]} 12. Re1 {[%emt 0:04:30]} Qc7 {[%emt 0:04:50]} 13. h3 {[%emt 0:01:43]} O-O {[%emt 0:00:36]} 14. c3 {[%emt 0:03:38]} Bd7 {[%emt 0:14:35]} 15. Bg5 {[%emt 0:03:58]} e5 {[%emt 0:06:41]} 16. Bxe7 {[%emt 0:02:12]} Bxe7 {[%emt 0:00:30] [#]} 17. Qh5 $1 {[%emt 0:13:07]} Bf6 {[%emt 0:04:11]} 18. Nf5 {[%emt 0:03:40]} g6 {[%emt 0:08:37]} 19. Nh6+ {[%emt 0:01:03]} Kg7 {[%emt 0:00:07]} 20. Qf3 {[%emt 0:00:36]} Qb6 {[%emt 0:31:32]} 21. Ng4 {[%emt 0:05:07]} Bxg4 {[%emt 0:03:02]} 22. hxg4 {[%emt 0:06:21]} Rad8 {[%emt 0:00:10]} 23. Rad1 {[%emt 0:00:55]} h6 {[%emt 0:03:16]} 24. Rd5 {[%emt 0:01:29]} Rxd5 {[%emt 0:00:56]} 25. Qxd5 {[%emt 0:00:09]} Qc7 {[%emt 0:05:44]} 26. Rd1 {[%emt 0:01:21]} Rd8 {[%emt 0:00:25]} 27. Qf3 {[%emt 0:00:15]} Rxd1+ {[%emt 0:00:53]} 28. Qxd1 {[%emt 0:00:20]} Qd8 {[%emt 0:00:42]} 29. Qf3 {[%emt 0:00:33]} Qd7 {[%emt 0:00:40]} 30. a4 {[%emt 0:02:18]} b6 {[%emt 0:02:34]} 31. Qa8 $11 {[%emt 0:02:04]} a5 {[%emt 0:04:02]} 32. Qb8 {[%emt 0:03:04]} Qd8 {[%emt 0:00:10]} 33. Qb7 {[%emt 0:01:12]} Be7 {[%emt 0:00:10]} 34. g3 {[%emt 0:03:37]} Qd6 {[%emt 0:00:55]} 35. Kg2 {[%emt 0:00:54]} Qf6 {[%emt 0:01:01]} 36. Qd5 {[%emt 0:00:56]} Bc5 {[%emt 0:01:25]} 37. f3 {[%emt 0:00:33]} Qe7 {[%emt 0:04:48]} 38. Ba2 {[%emt 0:02:37]} Qf6 {[%emt 0:01:32]} 39. Qc4 {[%emt 0:02:35]} Qe7 {[%emt 0:00:26]} 40. Kh3 {[%emt 0:00:00]} Kg8 {[%emt 0:00:00]} 41. Qa6 {[%emt 0:09:48]} Qd7 {[%emt 0:07:00]} 42. Qc4 {[%emt 0:06:27]} h5 {[%emt 0:10:50]} 43. b4 {[%emt 0:06:37]} hxg4+ {[%emt 0:00:12]} 44. fxg4 {[%emt 0:00:04]} Bd6 {[%emt 0:09:20]} 45. bxa5 {[%emt 0:04:20]} bxa5 {[%emt 0:00:10]} 46. Qd5 {[%emt 0:00:21]} Qc7 {[%emt 0:00:58]} 47. Kg2 {[%emt 0:00:40]} Kg7 {[%emt 0:01:14]} 48. c4 {[%emt 0:10:40]} Qc5 {[%emt 0:01:38]} 49. Qd3 {[%emt 0:00:41]} Qa3 {[%emt 0:01:16]} 50. Bb3 {[%emt 0:01:10]} Qb2+ {[%emt 0:01:39]} 51. Kf3 {[%emt 0:03:39]} e4+ {[%emt 0:01:03]} 52. Kxe4 {[%emt 0:00:10]} Qe5+ {[%emt 0:00:22]} 53. Kf3 {[%emt 0:00:04]} Qxg3+ {[%emt 0:00:16]} 54. Ke2 {[%emt 0:00:35]} Qxg4+ {[%emt 0:00:22]} 55. Kd2 {[%emt 0:00:07]} Qg2+ {[%emt 0:01:32]} 56. Kd1 {[%emt 0:00:15]} Qg1+ {[%emt 0:01:22]} 57. Kc2 {[%emt 0:00:13]} Be5 {[%emt 0:00:37]} 58. Qd5 {[%emt 0:00:57]} Qf2+ {[%emt 0:01:51]} 59. Kd3 {[%emt 0:00:20]} Qf1+ {[%emt 0:00:32]} 60. Kc2 {[%emt 0:02:00]} Qe2+ {[%emt 0:00:35]} 61. Kb1 {[%emt 0:00:13]} 0-1

[Event "2. AUT Bundesliga 2020-21"]
[Site "Graz"]
[Date "2021.03.13"]
[Round "2.4"]
[White "Teuschler, Barbara"]
[Black "Bauer, Sebastian"]
[Result "1-0"]
[WhiteElo "2109"]
[BlackElo "2280"]
[Annotator "TA"]
[PlyCount "87"]
[EventDate "2021.01.17"]
[EventType "team-tourn"]
[EventCountry "AUT"]
[SourceTitle "playchess.com"]
[Source "ChessBase"]
[SourceQuality "1"]

{[%evp 9,87,0,6,4,21,20,20,-50,93,-5,-12,-10,0,-35,0,-20,48,33,74,64,97,85,102,-168,213,220,208,67,81,0,0,0,0,0,13,-47,0,0,0,0,7,0,0,-13,-13,-14,0,0,0,0,0,0,0,0,0,-6,0,-14,0,-8,0,0,0,0,0,0,0,0,0,0,660,660,658,627,6499,6305,1691,1656,29977,29978]} 1. d4 Nf6 2. Bf4 g6 3. Nc3 d5 4. e3 Bg7 5. h4 h5 6. Nf3 {A45: Trompowsky Attack.} O-O 7. Qd2 c5 8. dxc5 (8. Ne5 $11) 8... Qa5 (8... Nbd7 $1 $15 {stays ahead.}) 9. Be2 (9. Nd4 $1 $16) 9... Qxc5 $11 10. O-O-O {[%cal Rc3d5]} Nc6 {[#]} 11. Kb1 $146 ({Wrong is} 11. Nxd5 $2 Rd8 $19) ({Predecessor:} 11. Na4 Qb4 12. Qxb4 Nxb4 13. a3 Nc6 14. Nc5 b6 15. Na6 Bg4 16. Nc7 Rad8 17. Bb5 {1-0 (43) Hesham,A (2396)-Kiran,M (2102) Ahmedabad 2019}) 11... Bf5 12. Nd4 {Hoping for Na4.} Nxd4 (12... Ne4 $11 13. Nxe4 Bxe4) 13. exd4 $14 Qc6 14. f3 $1 Rfc8 15. Rhg1 Qb6 {White should prevent ...Rxc3!} 16. Be5 $2 {[%mdl 8192] [#]} (16. Ka1 $1 $16 {keeps the pressure on.}) 16... Bh6 $4 {[%mdl 8192]} 17. Qxh6 $18 {g4 is the strong threat.} Rxc3 {[#]} 18. Bd3 (18. Rd2 $1 $18) 18... Bxd3 $14 19. Rxd3 (19. cxd3 $16 Qb5 20. Rd2) 19... Rxd3 $11 20. cxd3 {And now g4 would win.} Qa6 21. Qd2 Qe6 22. g4 ({Better is} 22. Re1 $11) 22... Kh7 {[%cal Rh5g4]} 23. Qd1 Rc8 24. a3 Rc6 25. Rg2 b5 26. Bxf6 Qxf6 27. gxh5 Qxd4 {[%mdl 4096] Endgame KQR-KQR} 28. Rg4 Qe3 29. f4 Re6 (29... gxh5 {feels hotter.} 30. Rg1 Rg6 31. Qxh5+ Kg7 32. Rxg6+ fxg6 33. Qxd5 Qxf4 34. Qxb5 Qxh4 35. Qc5 Qe1+) 30. Qb3 Qh3 31. hxg6+ fxg6 32. Rg5 (32. Rg1 {keeps more tension.} Qh2 33. Rf1 Qg2 34. Rc1 a6 35. Ka2) 32... Qxh4 33. Qxd5 Qxf4 34. Rg1 Qf5 35. Rh1+ Kg7 36. Qd8 {Qh8+ would kill now.} Re2 37. Qh8+ Kf7 38. Rh7+ Ke6 39. Qc8+ Kf6 $2 {[%mdl 8192] [#]} (39... Kd6 $11 40. Qa6+ Kd7 41. Qb7+ (41. Qxa7+ Kc6 $11) 41... Kd6 42. Qa6+ (42. Qxa7 {gets mated.} Qxd3+ 43. Ka1 Re1+ 44. Ka2 Qc4+ 45. b3 Qe2#) 42... Kc5) 40. Qf8+ $1 $18 Kg5 41. Qh6+ Kg4 42. Qh3+ Kf4 43. Qf1+ {[%mdl 64] Double Attack} Ke3 44. Rxe7+ {[%mdl 64] Double Attack.  Weighted Error Value: White=0.32/Black=0.64} 1-0

[Event "2. AUT Bundesliga 2020-21"]
[Site "Graz"]
[Date "2021.03.13"]
[Round "2.5"]
[White "Guetz, Wolfgang"]
[Black "Wendl, Philipp"]
[Result "1/2-1/2"]
[WhiteElo "2061"]
[BlackElo "1942"]
[Annotator "ChessBase"]
[PlyCount "62"]
[EventDate "2021.01.17"]
[EventType "team-tourn"]
[EventCountry "AUT"]
[SourceTitle "playchess.com"]
[Source "ChessBase"]
[SourceQuality "1"]
[TimeControl "40/5400+30:1800+30"]

1. e4 {[%emt 0:00:00]} e5 {[%emt 0:00:00]} 2. Nf3 {[%emt 0:00:00]} Nc6 {[%emt 0:00:00]} 3. d4 {[%emt 0:00:00]} exd4 {[%emt 0:00:00]} 4. Nxd4 {[%emt 0:00:00]} Nf6 {[%emt 0:00:00]} 5. Nxc6 {[%emt 0:00:00]} bxc6 {[%emt 0:00:00]} 6. e5 {[%emt 0:00:13]} Qe7 {[%emt 0:00:00]} 7. Qe2 {[%emt 0:00:12]} Nd5 {[%emt 0:00:06]} 8. c4 {[%emt 0:00:41]} Ba6 {[%emt 0:00:32]} 9. b3 {[%emt 0:00:31]} Qh4 {[%emt 0:01:48]} 10. Bb2 {[%emt 0:20:19]} Bb4+ {[%emt 0:01:24]} 11. Nd2 {[%emt 0:05:33]} Nc3 {[%emt 0:16:18]} 12. Bxc3 {[%emt 0:02:02]} Bxc3 {[%emt 0:00:10]} 13. Rc1 {[%emt 0:09:39]} Qd4 {[%emt 0:02:30]} 14. f4 {[%emt 0:06:34]} Bb4 {[%emt 0:04:34]} 15. g3 {[%emt 0:18:17]} Bxd2+ {[%emt 0:01:15]} 16. Qxd2 {[%emt 0:00:05]} Qe4+ {[%emt 0:00:07]} 17. Kf2 {[%emt 0:00:49]} Qxh1 {[%emt 0:03:09]} 18. Bg2 {[%emt 0:00:19]} Qxh2 {[%emt 0:00:06]} 19. Rh1 {[%emt 0:00:20]} Qxh1 {[%emt 0:00:14]} 20. Bxh1 {[%emt 0:00:02]} Bb7 {[%emt 0:06:47]} 21. Qa5 {[%emt 0:08:08]} Kd8 {[%emt 0:07:23]} 22. Bf3 {[%emt 0:07:31]} h5 {[%emt 0:04:50]} 23. e6 {[%emt 0:04:33]} dxe6 {[%emt 0:04:54]} 24. Qg5+ {[%emt 0:01:19]} Kd7 {[%emt 0:01:13]} 25. Qxg7 {[%emt 0:00:16]} Ke7 {[%emt 0:00:43]} 26. Qg5+ {[%emt 0:00:53]} Kd7 {[%emt 0:03:16]} 27. Qf6 {[%emt 0:02:30]} Raf8 {[%emt 0:01:25]} 28. Qd4+ {[%emt 0:00:52]} Kc8 {[%emt 0:00:47]} 29. Qxa7 {[%emt 0:00:14]} h4 {[%emt 0:00:29]} 30. gxh4 {[%emt 0:00:42]} Rxh4 {[%emt 0:00:19]} 31. Kg3 {[%emt 0:01:12]} Rh6 {[%emt 0:00:55]} 1/2-1/2

[Event "2. AUT Bundesliga 2020-21"]
[Site "Graz"]
[Date "2021.03.13"]
[Round "2.6"]
[White "Pretterhofer, Kiaras"]
[Black "Kobas, Mihael"]
[Result "1/2-1/2"]
[WhiteElo "1979"]
[BlackElo "2030"]
[Annotator "ChessBase"]
[PlyCount "60"]
[EventDate "2021.01.17"]
[EventType "team-tourn"]
[EventCountry "AUT"]
[SourceTitle "playchess.com"]
[Source "ChessBase"]
[SourceQuality "1"]
[TimeControl "40/5400+30:1800+30"]

1. e4 {[%emt 0:00:00]} c5 {[%emt 0:00:00]} 2. Nf3 {[%emt 0:00:00]} d6 {[%emt 0:00:00]} 3. d4 {[%emt 0:00:07]} cxd4 {[%emt 0:00:00]} 4. Nxd4 {[%emt 0:00:08]} Nf6 {[%emt 0:00:08]} 5. Nc3 {[%emt 0:00:34]} a6 {[%emt 0:00:12]} 6. Be2 {[%emt 0:01:06]} e5 {[%emt 0:02:00]} 7. Nb3 {[%emt 0:01:16]} Be7 {[%emt 0:00:31]} 8. O-O {[%emt 0:00:19]} O-O {[%emt 0:00:59]} 9. Be3 {[%emt 0:01:56]} Be6 {[%emt 0:00:31]} 10. f4 {[%emt 0:05:13]} Qc7 {[%emt 0:07:16]} 11. f5 {[%emt 0:06:18]} Bc4 {[%emt 0:00:23]} 12. Bxc4 {[%emt 0:01:00]} Qxc4 {[%emt 0:00:08]} 13. Qd3 {[%emt 0:00:08]} Qxd3 {[%emt 0:03:34]} 14. cxd3 {[%emt 0:00:02]} b5 {[%emt 0:04:47]} 15. Rac1 {[%emt 0:02:16]} Nbd7 {[%emt 0:02:20]} 16. Rfd1 {[%emt 0:07:31]} Rfc8 {[%emt 0:03:11]} 17. a3 {[%emt 0:08:20]} Bd8 {[%emt 0:10:53]} 18. h3 {[%emt 0:02:42]} Bb6 {[%emt 0:02:47]} 19. Bxb6 {[%emt 0:00:38]} Nxb6 {[%emt 0:00:06]} 20. Kf2 {[%emt 0:00:44]} Kf8 {[%emt 0:06:28]} 21. Kf3 {[%emt 0:02:19]} Rc7 {[%emt 0:02:46]} 22. Ne2 {[%emt 0:01:03]} Rac8 {[%emt 0:00:35]} 23. Rxc7 {[%emt 0:01:20]} Rxc7 {[%emt 0:00:07]} 24. Rc1 {[%emt 0:00:14]} Rxc1 {[%emt 0:00:22]} 25. Nbxc1 {[%emt 0:00:11]} Ke7 {[%emt 0:10:38]} 26. b3 {[%emt 0:02:01]} d5 {[%emt 0:02:28]} 27. g4 {[%emt 0:01:40]} d4 {[%emt 0:01:44]} 28. b4 {[%emt 0:00:52]} Na4 {[%emt 0:02:40]} 29. Nb3 {[%emt 0:00:44]} Nd7 {[%emt 0:02:21]} 30. g5 {[%emt 0:04:48]} f6 {[%emt 0:04:24]} 1/2-1/2

[Event "2. AUT Bundesliga 2020-21"]
[Site "Graz"]
[Date "2021.03.13"]
[Round "2.7"]
[White "Bachlechner, Julian"]
[Black "Kadric, Denis"]
[Result "0-1"]
[WhiteElo "2214"]
[BlackElo "2577"]
[Annotator "TA"]
[PlyCount "64"]
[EventDate "2021.01.17"]
[EventType "team-tourn"]
[EventCountry "AUT"]
[SourceTitle "playchess.com"]
[Source "ChessBase"]
[SourceQuality "1"]

{[%evp 10,64,35,33,32,1,9,0,18,0,27,0,37,-18,-18,-33,-18,-20,-23,-60,-12,-14,-23,-25,41,0,0,0,2,0,0,0,0,-30,-29,-52,-52,-52,-39,-74,-62,-120,-106,-140,-125,-305,-292,-301,-295,-465,-407,-664,-704,-647,-466,-506,-492]} 1. d4 d6 2. e4 Nf6 3. Nc3 Nbd7 4. Be3 e5 5. Nf3 c6 6. h3 b5 {C41: Philidor Defence.} 7. a3 Bb7 8. Bd3 {[#]} a6 $146 {The position is equal.} ({Predecessor:} 8... Be7 9. O-O O-O 10. Re1 Re8 11. Qd2 Bf8 12. Bg5 Qc7 13. a4 b4 14. Ne2 exd4 {0-1 (37) Von Hassel,U (2093)-Juroszek,T (2376) Barlinek 2010}) 9. O-O g6 10. Re1 Bg7 11. Qd2 ({White should play} 11. dxe5 $14 dxe5 12. Qd2) 11... O-O 12. Bh6 Re8 13. Bxg7 Kxg7 14. Rad1 Qb6 15. Bf1 Rad8 16. b4 c5 (16... Qc7 $11) 17. d5 Rc8 18. Rc1 Rc7 19. Nd1 Rec8 20. Nb2 c4 {[#] White must now prevent ...c3.} 21. c3 a5 22. Re3 axb4 23. axb4 Ra8 24. Rce1 Bc8 25. Nh4 (25. g3 $15) 25... Rca7 $17 26. Rg3 Nf8 27. Bxc4 $2 {White does not recover from this.} (27. Rge3 $17 {keeps fighting.}) 27... bxc4 $19 28. Nxc4 Qd8 29. Qg5 (29. Nf5+ $142 Bxf5 30. exf5) 29... h6 30. Nf5+ (30. Qe3 $142 Ra1 31. Nf3) 30... Bxf5 {Black is clearly winning.} 31. Qxf5 Rc7 32. Na5 {[#]} Rxc3 $1 {[%mdl 512] Weighted Error Value: White=0.42/Black=0.19} 0-1

[Event "2. AUT Bundesliga 2020-21"]
[Site "Graz"]
[Date "2021.03.13"]
[Round "2.8"]
[White "Ftacnik, Lubomir"]
[Black "Frank, Emanuel"]
[Result "1-0"]
[WhiteElo "2512"]
[BlackElo "2242"]
[Annotator "ChessBase"]
[PlyCount "59"]
[EventDate "2021.01.17"]
[EventType "team-tourn"]
[EventCountry "AUT"]
[SourceTitle "playchess.com"]
[Source "ChessBase"]
[SourceQuality "1"]
[TimeControl "40/5400+30:1800+30"]

1. Nf3 {[%emt 0:00:00]} d5 {[%emt 0:00:00]} 2. d4 {[%emt 0:00:00]} Nf6 {[%emt 0:00:00]} 3. c4 {[%emt 0:00:00]} e6 {[%emt 0:00:00]} 4. Nc3 {[%emt 0:00:04]} Be7 {[%emt 0:00:22]} 5. Bf4 {[%emt 0:00:28]} O-O {[%emt 0:00:13]} 6. e3 {[%emt 0:00:18]} b6 {[%emt 0:00:15]} 7. Bd3 {[%emt 0:01:19]} c5 {[%emt 0:06:35]} 8. cxd5 {[%emt 0:03:53]} Nxd5 {[%emt 0:06:30]} 9. Be4 {[%emt 0:15:12]} Bb7 {[%emt 0:08:12]} 10. dxc5 {[%emt 0:01:15]} bxc5 {[%emt 0:09:41]} 11. O-O {[%emt 0:02:13]} f5 {[%emt 0:14:11]} 12. Qb3 {[%emt 0:20:14]} Bc6 {[%emt 0:18:43]} 13. Bxd5 {[%emt 0:02:23]} Bxd5 {[%emt 0:00:12]} 14. Nxd5 {[%emt 0:01:37]} Qxd5 {[%emt 0:00:04]} 15. Qxd5 {[%emt 0:05:40]} exd5 {[%emt 0:00:10]} 16. Rad1 {[%emt 0:00:44]} Rd8 {[%emt 0:01:02]} 17. Rd2 {[%emt 0:00:09]} Kf7 {[%emt 0:08:08]} 18. Bxb8 {[%emt 0:18:24]} Rdxb8 {[%emt 0:00:25]} 19. Ne5+ {[%emt 0:01:08]} Ke6 {[%emt 0:00:44]} 20. Nc6 {[%emt 0:00:16]} Rb7 {[%emt 0:04:27]} 21. Rfd1 {[%emt 0:00:12]} Bf8 {[%emt 0:05:57]} 22. Rxd5 {[%emt 0:13:45]} Rxb2 {[%emt 0:00:13]} 23. Rd7 {[%emt 0:00:56]} Kf6 {[%emt 0:07:36]} 24. a4 {[%emt 0:04:40]} Ra2 {[%emt 0:02:01]} 25. a5 {[%emt 0:02:35]} a6 {[%emt 0:04:53]} 26. Rc7 {[%emt 0:00:54]} Re8 {[%emt 0:01:08]} 27. h4 {[%emt 0:00:45]} Ke6 {[%emt 0:01:04]} 28. f4 {[%emt 0:01:24]} c4 {[%emt 0:00:41]} 29. Nd8+ {[%emt 0:00:33]} Kf6 {[%emt 0:00:28]} 30. Rc6+ {[%emt 0:00:08]} 1-0

[Event "2. AUT Bundesliga 2020-21"]
[Site "Graz"]
[Date "2021.03.13"]
[Round "2.9"]
[White "Heindl, Matthias"]
[Black "Milanovic, Danilo"]
[Result "0-1"]
[WhiteElo "2200"]
[BlackElo "2466"]
[Annotator "ChessBase"]
[PlyCount "84"]
[EventDate "2021.01.17"]
[EventType "team-tourn"]
[EventCountry "AUT"]
[SourceTitle "playchess.com"]
[Source "ChessBase"]
[SourceQuality "1"]
[TimeControl "40/5400+30:1800+30"]

1. c4 {[%emt 0:00:00]} e5 {[%emt 0:00:15]} 2. Nf3 {[%emt 0:00:00]} d6 {[%emt 0:05:25]} 3. Nc3 {[%emt 0:00:19]} Nf6 {[%emt 0:05:55]} 4. g3 {[%emt 0:05:40]} g6 {[%emt 0:01:19]} 5. Bg2 {[%emt 0:01:28]} Bg7 {[%emt 0:00:20]} 6. d4 {[%emt 0:00:30]} Nbd7 {[%emt 0:00:24]} 7. O-O {[%emt 0:00:56]} O-O {[%emt 0:00:14]} 8. h3 {[%emt 0:00:09]} c6 {[%emt 0:05:32]} 9. e4 {[%emt 0:00:05]} exd4 {[%emt 0:02:05]} 10. Nxd4 {[%emt 0:00:12]} Re8 {[%emt 0:00:16]} 11. Be3 {[%emt 0:00:36]} a5 {[%emt 0:09:25]} 12. Qc2 {[%emt 0:00:28]} Nc5 {[%emt 0:07:06]} 13. Rad1 {[%emt 0:00:13]} Nfd7 {[%emt 0:00:36]} 14. Rfe1 {[%emt 0:06:29]} a4 {[%emt 0:10:53]} 15. f4 {[%emt 0:03:58]} Qa5 {[%emt 0:03:21]} 16. Bf2 {[%emt 0:02:17]} Qb4 {[%emt 0:04:59]} 17. a3 {[%emt 0:04:49]} Qa5 {[%emt 0:00:19]} 18. Nf3 {[%emt 0:11:06]} Nb6 {[%emt 0:11:32]} 19. Bf1 {[%emt 0:16:51]} Bf8 {[%emt 0:04:30]} 20. f5 {[%emt 0:06:17]} Nbd7 {[%emt 0:01:56]} 21. e5 {[%emt 0:07:34]} Nxe5 {[%emt 0:02:21]} 22. Nxe5 {[%emt 0:02:09]} dxe5 {[%emt 0:00:04]} 23. g4 {[%emt 0:01:17]} gxf5 {[%emt 0:04:37]} 24. gxf5 {[%emt 0:04:49]} e4 {[%emt 0:00:12]} 25. Bd4 {[%emt 0:03:40]} Bxf5 {[%emt 0:01:50]} 26. Qg2+ {[%emt 0:06:38]} Bg6 {[%emt 0:00:28]} 27. Kh1 {[%emt 0:02:53]} Bg7 {[%emt 0:05:58]} 28. Bxg7 {[%emt 0:06:12]} Kxg7 {[%emt 0:00:07]} 29. h4 {[%emt 0:01:35]} Re5 {[%emt 0:05:26]} 30. Be2 {[%emt 0:02:09]} h5 {[%emt 0:03:59]} 31. Qg3 {[%emt 0:00:22]} Rae8 {[%emt 0:00:45]} 32. Rg1 {[%emt 0:00:38]} R8e6 {[%emt 0:03:14]} 33. Rdf1 {[%emt 0:00:36]} Qd8 {[%emt 0:00:32]} 34. Qf4 {[%emt 0:01:24]} Qe7 {[%emt 0:00:26]} 35. Bd1 {[%emt 0:00:43]} Rf6 {[%emt 0:00:34]} 36. Qg3 {[%emt 0:01:18]} Rxf1 {[%emt 0:00:27]} 37. Rxf1 {[%emt 0:00:02]} Kh7 {[%emt 0:00:23]} 38. Ne2 {[%emt 0:00:31]} Nd3 {[%emt 0:00:29]} 39. Bxa4 {[%emt 0:01:56]} e3 {[%emt 0:00:38]} 40. b4 {[%emt 0:00:00]} Re4 {[%emt 0:00:00]} 41. Bc2 {[%emt 0:03:42]} Rxh4+ {[%emt 0:00:32]} 42. Kg1 {[%emt 0:00:08]} Rg4 {[%emt 0:00:06]} 0-1

[Event "2. AUT Bundesliga 2020-21"]
[Site "Graz"]
[Date "2021.03.13"]
[Round "2.10"]
[White "Druska, Juraj"]
[Black "Hafner, Robert"]
[Result "1-0"]
[WhiteElo "2495"]
[BlackElo "2006"]
[Annotator "ChessBase"]
[PlyCount "71"]
[EventDate "2021.01.17"]
[EventType "team-tourn"]
[EventCountry "AUT"]
[SourceTitle "playchess.com"]
[Source "ChessBase"]
[SourceQuality "1"]
[TimeControl "40/5400+30:1800+30"]

1. e4 {[%emt 0:00:00]} c6 {[%emt 0:00:00]} 2. Nf3 {[%emt 0:00:13]} d5 {[%emt 0:00:00]} 3. d3 {[%emt 0:00:10]} Bg4 {[%emt 0:04:16]} 4. h3 {[%emt 0:00:37]} Bxf3 {[%emt 0:00:21]} 5. Qxf3 {[%emt 0:00:05]} e6 {[%emt 0:00:05]} 6. g3 {[%emt 0:00:10]} Nf6 {[%emt 0:00:06]} 7. Bg2 {[%emt 0:00:05]} Be7 {[%emt 0:00:11]} 8. O-O {[%emt 0:00:07]} O-O {[%emt 0:00:15]} 9. Qe2 {[%emt 0:00:04]} Ne8 {[%emt 0:03:54]} 10. e5 {[%emt 0:01:43]} Nd7 {[%emt 0:00:08]} 11. Nd2 {[%emt 0:03:05]} g6 {[%emt 0:04:53]} 12. f4 {[%emt 0:10:03]} Ng7 {[%emt 0:00:13]} 13. Nf3 {[%emt 0:03:14]} Qc7 {[%emt 0:33:31]} 14. Be3 {[%emt 0:03:49]} a5 {[%emt 0:02:59]} 15. g4 {[%emt 0:16:31]} a4 {[%emt 0:01:10]} 16. c3 {[%emt 0:04:57]} Qa5 {[%emt 0:08:38]} 17. Rac1 {[%emt 0:13:27]} Qa6 {[%emt 0:01:05]} 18. Rfd1 {[%emt 0:04:17]} Rfd8 {[%emt 0:01:19]} 19. Bf1 {[%emt 0:00:36]} Rac8 {[%emt 0:04:23]} 20. Qf2 {[%emt 0:13:07]} Qa5 {[%emt 0:00:45]} 21. a3 {[%emt 0:08:38]} Bc5 {[%emt 0:10:02]} 22. d4 {[%emt 0:00:32]} Be7 {[%emt 0:02:03]} 23. Bd3 {[%emt 0:00:06]} f5 {[%emt 0:02:06]} 24. exf6 {[%emt 0:01:19]} Bxf6 {[%emt 0:00:28]} 25. Kg2 {[%emt 0:01:53]} Rf8 {[%emt 0:00:30]} 26. Qe2 {[%emt 0:04:14]} Be7 {[%emt 0:01:03]} 27. Rh1 {[%emt 0:00:12]} Bd6 {[%emt 0:03:50]} 28. Ne5 {[%emt 0:00:09]} Nxe5 {[%emt 0:01:03]} 29. fxe5 {[%emt 0:00:06]} Be7 {[%emt 0:00:08]} 30. h4 {[%emt 0:05:40]} Qd8 {[%emt 0:02:18]} 31. Rh3 {[%emt 0:01:18]} Rf7 {[%emt 0:05:44]} 32. Rch1 {[%emt 0:00:19]} Qd7 {[%emt 0:02:54]} 33. Qc2 {[%emt 0:01:58]} b5 {[%emt 0:00:52]} 34. h5 {[%emt 0:00:18]} gxh5 {[%emt 0:01:42]} 35. Bxh7+ {[%emt 0:00:06]} Kh8 {[%emt 0:01:42]} 36. Bg6 {[%emt 0:00:18]} 1-0